000 00781nam a2200229Ia 4500
003 OSt
005 20220916110918.0
006 a|||||r|||| 00| 0
007 ta
008 220915b |||||||| |||| 00| 0 hin d
024 _a215442
037 _cTextbook
040 _bhin
_aARTS
_cARTS
041 _ahin
082 _aO9, 152H9(TTPH)
100 _aशुक्ल, रामचंद्र; मिश्र, विश्वनाथ प्रसाद, संपा.
245 0 _aरस-मींमांसा
246 _aRasa-mīanmāansā
260 _c1949
942 _hO9, 152H9(TTPH)
_cTB
_2CC
999 _c101183
_d101183